Sindicato Profesional de Periodistas : estatutos estatutos
Descripción Física:
32 p. ; 18 cm
MARC
| LEADER | 00000nam a2200000Ia 4500 | ||
|---|---|---|---|
| 001 | 22637 | ||
| 008 | 160829s1912 xx 000 0 cat d | ||
| 080 | |a 2380, exp. 247 | ||
| 245 | |a Sindicato Profesional de Periodistas : |b estatutos | ||
| 260 | |a Barcelona : |b Tipografía la Academia, |c 1912 | ||
| 300 | |a 32 p. ; |c 18 cm | ||
| 650 | |a Sindicato Profesional de Periodistas |x Estatuts |9 48338 | ||
| 901 | |a Arxiu | ||
| 942 | |n 1 | ||
| 952 | |0 0 |1 0 |4 0 |6 2380_EXP_247 |7 1 |9 54478 |a Arxiu |b Arxiu |d 2016-12-01 |l 0 |o 2380, exp. 247 |p 22637 |r 2016-12-01 00:00:00 |w 2016-12-01 |y ARXIU | ||
| 999 | |c 58347 |d 58347 | ||